00333nam a2200133Ia 4500003000400000005001700004008004100021020001900062040002000081100001600101245004200117260003200159300000800191OSt20240127120713.0170524s9999 xx 000 0 und d a978-8174467812 cIIMT UNIVERSITY aGaur, R.R.  0a HUMAN VALUES AND PROFESSIONAL ETHICS aNEW DELHIbEXCEL BOOKc2010 a282